North Korea Geography - Statistics

General Stats
  • This quiz has been taken 19 times
  • The average score is 6 of 20
Answer Stats
Hint Answer % Correct
Bordering countries China
87%
Russia
87%
South Korea
87%
Chairman of the Worker's Party of Korea Kim Jong-un
80%
Eternal President Kim Jong-il
53%
The zone across southern border (full name) Demilitarized Zone
40%
Victim of murder in Malaysia Kim Jong-nam
40%
Bordering seas Yellow Sea
33%
Territory that is threatened to be nuked by North Korea Guam
27%
Sea of Japan
20%
The river flows through the capital city Taedong
20%
Weapon of above Chemical
13%
African allies Benin
7%
Madagascar
7%
Highest Building Ryugyong Hotel
7%
City near Russian border Tumangang
7%
Democratic Republic of Congo
0%
Exact location of above Kuala Lumpur International Airport
0%
City opposite to Dandong across the Chinese border Sinujiu
0%
North Korean city that was misstruck by its missile Tokchon
0%
No matching quizzes found
Score Distribution
Percent of People with Each Score
Percentile by Number Answered
Your Score History
You have not taken this quiz